logo

Bir Sreshtho Munshi Abdur Rouf Library
Jhenaidah Cadet College

The classical age / (Record no. 8394)

MARC details
000 -LEADER
fixed length control field 00641cam a2200241 a 4500
001 - CONTROL NUMBER
JCCL Control Number 8394
003 - CONTROL NUMBER IDENTIFIER
JCCL marc code BD-JhCC
005 - DATE AND TIME OF LATEST TRANSACTION
control field 20180925084855.0
008 - FIXED-LENGTH DATA ELEMENTS--GENERAL INFORMATION
fixed length control field 250918s1970 enka 001 0 eng d
020 ## - INTERNATIONAL STANDARD BOOK NUMBER
Terms of availability No price
035 ## - SYSTEM CONTROL NUMBER
system control number (BD-JhCC)8394
040 ## - CATALOGING SOURCE
Original cataloging agency Uk
Transcribing agency Uk
Modifying agency Uk
-- BD-JhCC
041 ## - LANGUAGE CODE
Language code of Book eng
082 04 - DEWEY DECIMAL CLASSIFICATION NUMBER
Classification number 954
DDC Edition number 21
Author mark and Year MAN 170
100 1# - MAIN ENTRY--PERSONAL NAME
Personal name Manjumdar, R. C.
245 14 - TITLE STATEMENT
Title The classical age /
Statement of responsibility, etc R. C. Manjumdar,
260 ## - PUBLICATION, DISTRIBUTION, ETC. (IMPRINT)
Place of publication, distribution, etc Bombay :
Name of publisher, distributor, etc Bharatiya Vidya Bhavan,
Date of publication, distribution, etc 1970
300 ## - PHYSICAL DESCRIPTION
Pagination 758 p :
Other physical details ill. ;
Dimensions 26 cm.
504 ## - BIBLIOGRAPHY, ETC. NOTE
Bibliography, etc Includes bibliographical references and index.
651 #0 - SUBJECT ADDED ENTRY--GEOGRAPHIC NAME
Geographic name India
General subdivision History
942 ## - ADDED ENTRY ELEMENTS (KOHA)
Source of classification or shelving scheme Dewey Decimal Classification
Koha item type Books
Holdings
Source of classification or shelving scheme Damaged status Not for loan Home library Current library Shelving location Total Checkouts Full call number Barcode Date last seen Copy number Koha item type
Dewey Decimal Classification     JCC Rouf Library JCC Rouf Library General Stacks   954 MAN 1970 10983 02/22/2018 C - 1 Books

JCC Library | Contacts | JCC Home

Last Update on 23 September 2017
Copyright @ 2017-2020 JCC Rouf Library
Rouf Library, Jhenidah Cadet College (JCC), Bangladesh